000 00490nam a2200193Ia 4500
999 _c47389
_d47389
001 14251
003 GE_BSU
005 20221121153303.0
008 181216s2007||||enk|||||||||||||| ||eng||
020 _a9781406308501x
040 _cGE_BSU
041 _aeng
080 _a82-93 H-80
100 _aHorowitz, Anthony
_915973
245 _aI Know What You Dip Last Wednesday /
_cAnthony Horowitz.
264 _aLondon :
_bWalner books,
_c2007.
300 _a79 p.;
_b20 cm.
942 _cBK
_2udc